Electronics Asystem Approach (Record no. 344286)

000 -LEADER
fixed length control field 00412 a2200169 4500
020 ## - INTERNATIONAL STANDARD BOOK NUMBER
International Standard Book Number 817808449X
024 ## - OTHER STANDARD IDENTIFIER
Standard number or code 9788178084497
082 ## - DEWEY DECIMAL CLASSIFICATION NUMBER
Classification number 623.893
090 ## - LOCALLY ASSIGNED LC-TYPE CALL NUMBER (OCLC); LOCAL CALL NUMBER (RLIN)
-- 1772
-- 1772
100 ## - MAIN ENTRY--PERSONAL NAME
Personal name Neil Storey
245 ## - TITLE STATEMENT
Title Electronics Asystem Approach
Statement of responsibility, etc. Neil Storey
250 ## - EDITION STATEMENT
Edition statement 2nd
260 ## - PUBLICATION, DISTRIBUTION, ETC.
Place of publication, distribution, etc. Singapore
Name of publisher, distributor, etc. Addison Wesley Longman
Date of publication, distribution, etc. 1998
300 ## - PHYSICAL DESCRIPTION
Extent 672
500 ## - GENERAL NOTE
General note paper cover
942 ## - ADDED ENTRY ELEMENTS (KOHA)
Institution code [OBSOLETE] NBS
Koha item type Book
Call number prefix 623.893 STO
Holdings
Withdrawn status Lost status Damaged status Not for loan Permanent Location Current Location Date acquired Total Checkouts Full call number Barcode Date last seen Price effective from Koha item type
        Central Library (CL) Central Library (CL) 08/28/2013   623.893 STO NBS4846 08/28/2013 08/28/2013 Book
© 2023 Central Library, National University of Sciences and Technology. All Rights Reserved.